Los que vivimos
Novela escrita por la estadounidense Ayn Rand. La historia toma lugar en Petrogrado en una época posterior a la revolución rusa y cuenta la historia de Kira, una joven proveniente de una familia burguesa que tendrá que enfrentar junto a su familia la expropiación de sus bienes a manos del estado com...
Zapisane w:
| 1. autor: | |
|---|---|
| Format: | Książka |
| Język: | Undetermined |
| Wydane: |
Barcelona, España
G.P.
1970
|
| Wydanie: | / Ayn Rand |
| Hasła przedmiotowe: | |
| Etykiety: |
Dodaj etykietę
Nie ma etykietki, Dołącz pierwszą etykiete!
|
MARC
| LEADER | 00000nam a2200000Ia 4500 | ||
|---|---|---|---|
| 008 | 170316s9999 xx 000 0 und d | ||
| 040 | |a cru BVZT | ||
| 090 | |a 810 R-1q | ||
| 100 | |a Rand, Ayn |9 1327 | ||
| 245 | |a Los que vivimos | ||
| 250 | |a / Ayn Rand | ||
| 260 | |a Barcelona, España | ||
| 260 | |b G.P. | ||
| 260 | |c 1970 | ||
| 300 | |a 252 páginas | ||
| 520 | |a Novela escrita por la estadounidense Ayn Rand. La historia toma lugar en Petrogrado en una época posterior a la revolución rusa y cuenta la historia de Kira, una joven proveniente de una familia burguesa que tendrá que enfrentar junto a su familia la expropiación de sus bienes a manos del estado comunista. De fondo la autora plantea la discusión política de los conceptos de colectividad y estado, frente a las libertades individuales y la reivindicación de lo individual. Este libro es considerado el inicio y la más cercana autobiografía escrita por Rand. | ||
| 650 | |a LITERATURA ESTADOUNIDENSE |9 25 | ||
| 650 | |a NOVELA |9 13 | ||
| 999 | |c 6083 |d 6083 | ||
| 942 | |c 15 D |h 810 R-1q |2 z | ||
